[Event "Vojvodina-ch 4th"]
[Site "Novi Sad"]
[Date "2013.06.28"]
[Round "1"]
[White "Milicevic, Dragan"]
[Black "Nestorovic, Nikola"]
[Result "0-1"]
[WhiteElo "1941"]
[BlackElo "2405"]
[PlyCount "60"]
[EventDate "2013.06.28"]
[EventType "swiss"]
[EventRounds "9"]
[EventCountry "SRB"]
[SourceTitle "CBM 155 Extra"]
[Source "ChessBase"]
[SourceDate "2013.08.26"]
[SourceVersion "1"]
[SourceVersionDate "2013.08.26"]
[SourceQuality "1"]

1. d4 Nf6 2. Bg5 Ne4 3. Bf4 c5 4. f3 Qa5+ 5. c3 Nf6 6. e4 cxd4 7. Qxd4 Nc6 8. Qc4 d5 9. exd5 Nxd5 10. Bc1 e5 11. b4 Qd8 12. Na3 Be6 13. Bd2 Ne3 14. Qe2 Nxf1 15. Qxf1 a5 16. b5 Bxa3 17. bxc6 bxc6 18. Qe2 0-0 19. Qe3 Qd6 20. Qe2 Rab8 21. Bc1 Rfd8 22. Nh3 Bxh3 23. gxh3 Bc5 24. Bg5 Rd7 25. Qc2 h6 26. Bh4 Qd3 27. Qxd3 Rxd3 28. Bf2 Bxf2+ 29. Kxf2 Rb2+ 30. Kg3 Rdd2 0-1

[Event "Vojvodina-ch 3rd"]
[Site "Novi Sad"]
[Date "2012.06.29"]
[Round "1"]
[White "Milicevic, Dragan"]
[Black "Tosic, Miroslav"]
[Result "0-1"]
[WhiteElo "1974"]
[BlackElo "2415"]
[PlyCount "102"]
[EventDate "2012.06.29"]
[EventType "swiss"]
[EventRounds "9"]
[EventCountry "SRB"]
[SourceTitle "CBM 149 Extra"]
[Source "ChessBase"]
[SourceDate "2012.08.24"]
[SourceVersion "1"]
[SourceVersionDate "2012.08.24"]
[SourceQuality "1"]

1. d4 Nf6 2. Bg5 c5 3. Bxf6 gxf6 4. d5 Qb6 5. Qc1 e6 6. Nc3 f5 7. Rb1 Bg7 8. dxe6 dxe6 9. e3 Bd7 10. Nge2 Bc6 11. Nf4 Nd7 12. Be2 Qa5 13. Qd2 Rd8 14. 0-0 Nf8 15. Qe1 Ng6 16. Nh5 Bxc3 17. Qxc3 Qxc3 18. bxc3 Ke7 19. Rfd1 Rxd1+ 20. Rxd1 Rg8 21. g3 e5 22. Kf1 Nf8 23. Ke1 Ne6 24. h4 Nc7 25. c4 Ne8 26. f3 Nd6 27. Kf2 Rg6 28. g4 fxg4 29. fxg4 Ne4+ 30. Ke1 Nc3 31. Rd2 Nxe2 32. Kxe2 Rxg4 33. Ke1 Rxh4 34. Ng3 Rh3 35. Nf5+ Ke6 36. Rf2 Be4 37. Ng7+ Ke7 38. Kd2 f6 39. a4 h5 40. a5 Kf7 41. Nf5 Bxf5 42. Rxf5 Rh1 43. Kd3 Kg6 44. Rf2 f5 45. Rg2+ Kf6 46. Rg8 e4+ 47. Kd2 Rh2+ 48. Kd1 h4 49. Rb8 h3 50. Rxb7 Rg2 51. Rxa7 h2 0-1